000 00695cam a22002533a 4500
001 1024
003 PGUSA
005 20140828082956.0
008 060211s2006||||xxu|||||s|||||000 1 eng d
040 _aPGUSA
_beng
042 _adc
050 4 _aPR
100 1 _aOsbourne, Lloyd,
_d1868-1947
245 1 4 _aThe Wrecker
_h[electronic resource] /
_cLloyd Osbourne
260 _bProject Gutenberg,
_c2006
506 _aPublic domain in the USA.
516 _aElectronic text
653 _aShipwrecks -- Fiction
653 _aTreasure troves -- Fiction
653 _aAvarice -- Fiction
830 0 _aProject Gutenberg
_v1024
856 4 0 _uhttp://www.gutenberg.org/ebooks/1024
942 _cEB
999 _c230375
_d230375